|
|
|
|
| LEADER |
00000nab a2200000 a 4500 |
| 001 |
vtls000537828 |
| 003 |
SK-MaSNL |
| 005 |
20260304085630.0 |
| 008 |
250425c1994 xo 0 slo |
| 015 |
|
|
|a SNBRB19rr/mm-uuuuu
|
| 035 |
|
|
|a CL0537966
|
| 035 |
|
|
|a urn:nbn:sk:snk-abd2mo
|
| 035 |
|
|
|a (urnnbn)urn:nbn:sk:snk:ar-006ywi
|
| 035 |
|
|
|a (uuid)710e670a-2482-45ff-899e-569a8a1f58f9
|
| 040 |
|
|
|a SNKBUCL
|b slo
|c SNKBUCL
|e AACR2
|
| 041 |
0 |
|
|a eng
|
| 044 |
|
|
|a xo
|c SK
|
| 080 |
|
|
|a 621.372:681.32
|2 1981
|
| 080 |
|
|
|a 681.32
|2 1981
|
| 100 |
1 |
|
|a Kirschner, M.
|4 aut
|9 965519
|
| 245 |
1 |
4 |
|a The Programmable Decimating Filter
|c M. Kirschner, R. Janota
|
| 300 |
|
|
|b Sch. 8, tab. 3, res. angl., lit. 5 zázn. v angl., češ.
|
| 650 |
0 |
7 |
|a filtre číslicové programovateľné
|2 snkbucl
|9 1379348
|
| 650 |
0 |
7 |
|a filtre FIR
|2 snkbucl
|9 1379349
|
| 655 |
|
7 |
|a články z novín a časopisov
|2 snkbucl
|9 267496
|
| 700 |
1 |
|
|a Janota, R.
|4 aut
|9 940188
|
| 773 |
0 |
|
|t Elektrotechnický časopis
|g Roč. 45, č. 4 (1994), s. 145-149
|x 0013-578X
|
| 850 |
|
|
|a Slovenská národná knižnica
|
| 852 |
|
|
|a Slovenská národná knižnica
|
| 958 |
|
|
|a article17
|
| 958 |
|
|
|a OND
|
| 958 |
|
|
|a NB
|
| 958 |
|
|
|a RK
|
| 958 |
|
|
|a CZ
|
| 958 |
|
|
|a EUIPO
|
| 992 |
|
|
|a RBX
|
| 999 |
|
|
|c 2808813
|d 2810743
|